|
|
|
|
| LEADER |
01252nam a2200241 a 4500 |
| 001 |
2313200 |
| 008 |
100215s1980 bg b 000 0 eng d |
| 010 |
|
|
|a 80905371
|
| 040 |
|
|
|a DLC
|c DLC
|d DLC
|d BD-DhAA
|
| 082 |
0 |
0 |
|a 305.4/09549/2
|2 19
|
| 100 |
1 |
|
|a Ahmad, Perveen.
|
| 245 |
1 |
0 |
|a Income earning as related to the changing status of village women in Bangladesh :
|b a case study /
|c Perveen Ahmad.
|
| 250 |
|
|
|a 1st ed.
|
| 260 |
|
|
|a Dacca :
|b Women for Women Study and Research Group,
|c 1980.
|
| 300 |
|
|
|a 98 p. :
|b map ;
|c 23 cm.
|
| 541 |
1 |
|
|e 00001403
|
| 650 |
|
0 |
|a Women
|z Bangladesh
|z Bhadun
|x Social conditions.
|
| 650 |
|
0 |
|a Rural women
|x Employment
|z Bangladesh
|z Bhadun.
|
| 852 |
4 |
|
|a Ayesha Abed Library
|j General shelf
|
| 999 |
|
|
|c 7537
|d 7537
|
| 952 |
|
|
|0 0
|1 0
|2 ddc
|4 0
|6 305_409549200000000_AHM_1980
|7 0
|9 8162
|a BRACUL
|b BRACUL
|c GEN
|d 2010-02-15
|g 15.00
|l 0
|o 305.4095492 AHM
|p 3010001403
|r 2010-02-15
|t 1
|w 2010-02-15
|y BK
|
| 952 |
|
|
|0 0
|1 0
|2 ddc
|4 0
|6 305_409549200000000_AHM_1980
|7 0
|9 8163
|a BRACUL
|b BRACUL
|c GEN
|d 2010-02-15
|g 15.00
|l 0
|o 305.4095492 AHM
|p 3010001436
|r 2016-12-21
|t 2
|w 2010-02-15
|y BK
|
| 952 |
|
|
|0 0
|1 0
|2 ddc
|4 0
|6 305_409549200000000_AHM_1980
|7 0
|9 8164
|a BRACUL
|b BRACUL
|c GEN
|d 2010-02-15
|g 15.00
|l 1
|o 305.4095492 AHM
|p 3010005014
|r 2016-06-29
|s 2016-06-28
|t 3
|w 2010-02-15
|y BK
|